<?xml version="1.0" encoding="UTF-8"?>
<record
    xmlns:xsi="http://www.w3.org/2001/XMLSchema-instance"
    xsi:schemaLocation="http://www.loc.gov/MARC21/slim http://www.loc.gov/standards/marcxml/schema/MARC21slim.xsd"
    xmlns="http://www.loc.gov/MARC21/slim">

  <leader>01929ngm a22002897a 4500</leader>
  <controlfield tag="005">20160701142658.0</controlfield>
  <controlfield tag="008">160701t2005    mx 105|b |||| 00| vleng d</controlfield>
  <datafield tag="050" ind1="0" ind2="4">
    <subfield code="a">PN1998.3.B875</subfield>
    <subfield code="b">J68 2005</subfield>
  </datafield>
  <datafield tag="245" ind1="0" ind2="3">
    <subfield code="a">El joven manos de tijeras</subfield>
    <subfield code="c">Twentieth Century Fox ; director, Tim Burton ; escritora, Caroline Thompson ; productores, Denise Di Novi, Tim Burton. </subfield>
    <subfield code="h">[videograbaci&#xF3;n] /</subfield>
  </datafield>
  <datafield tag="260" ind1=" " ind2=" ">
    <subfield code="a">M&#xE9;xico :</subfield>
    <subfield code="b">Twentieth century fox home entertainment,</subfield>
    <subfield code="c">2005</subfield>
  </datafield>
  <datafield tag="300" ind1=" " ind2=" ">
    <subfield code="a">1 videodisco (105 min.) :  </subfield>
    <subfield code="b">sound, color, </subfield>
    <subfield code="c">4 3/4 plg.</subfield>
  </datafield>
  <datafield tag="306" ind1=" " ind2=" ">
    <subfield code="a">000105</subfield>
  </datafield>
  <datafield tag="500" ind1=" " ind2=" ">
    <subfield code="a">Originalmente lanzada como pel&#xED;cula cinematogr&#xE1;fica en 1990.</subfield>
  </datafield>
  <datafield tag="508" ind1=" " ind2=" ">
    <subfield code="a">M&#xFA;sico, Danny Elfman ; editor, Richard Halsey ; director de fotograf&#xED;a, Stefan Czapsky. </subfield>
  </datafield>
  <datafield tag="511" ind1="1" ind2=" ">
    <subfield code="a">Johnny Depp, Winona Ryder, Vincent Price, Dianne Wiest, Anthony Michael Hall, Kathy Baker, Robert Oliveri, Alan Arkin. </subfield>
  </datafield>
  <datafield tag="520" ind1=" " ind2=" ">
    <subfield code="a">Hab&#xED;a una vez en un gran castillo sobre una colina viv&#xED;an un inventor su mayor creaci&#xF3;n fue llamada Edward. A pesar de que Edward ten&#xED;a un encanto irresistible, no era del todo perfecto. la muerte s&#xFA;bita del inventor le dej&#xF3; sin terminar, con unas tijeras afiladas de metal a las manos. Edward viv&#xED;a solo en la oscuridad hasta que un d&#xED;a una se&#xF1;ora lo llev&#xF3; a casa para vivir con su familia. As&#xED; comenz&#xF3; fant&#xE1;sticas aventuras de Edward en un para&#xED;so en colores pastel conocido como Suburbia.</subfield>
  </datafield>
  <datafield tag="521" ind1=" " ind2=" ">
    <subfield code="a">PG-13 (Sugiere la compa&#xF1;&#xED;a de un adulto para los menores de 13 a&#xF1;os)</subfield>
  </datafield>
  <datafield tag="538" ind1=" " ind2=" ">
    <subfield code="a">DVD, NTSC, versi&#xF3;n 16:9, regi&#xF3;n 4.</subfield>
  </datafield>
  <datafield tag="546" ind1=" " ind2=" ">
    <subfield code="a">En ingl&#xE9;s espa&#xF1;ol y portugu&#xE9;s con subt&#xED;tulos en ingl&#xE9;s espa&#xF1;ol y portugu&#xE9;s.</subfield>
  </datafield>
  <datafield tag="650" ind1="0" ind2="4">
    <subfield code="a">Inventores,</subfield>
    <subfield code="v">Drama</subfield>
  </datafield>
  <datafield tag="650" ind1="0" ind2="4">
    <subfield code="a">Familias,</subfield>
    <subfield code="v">Drama</subfield>
  </datafield>
  <datafield tag="700" ind1="1" ind2=" ">
    <subfield code="a">Burton, Tim,</subfield>
    <subfield code="e">director, escritor y  productor.</subfield>
  </datafield>
  <datafield tag="700" ind1="1" ind2=" ">
    <subfield code="a">Thompson, Caroline,</subfield>
    <subfield code="e">escritora.</subfield>
  </datafield>
  <datafield tag="700" ind1="1" ind2=" ">
    <subfield code="a">Di Novi, Denise,</subfield>
    <subfield code="e">productor</subfield>
  </datafield>
  <datafield tag="710" ind1="2" ind2=" ">
    <subfield code="a">Twentieth Century Home Entertainment, (M&#xE9;xico)</subfield>
  </datafield>
  <datafield tag="942" ind1=" " ind2=" ">
    <subfield code="2">lcc</subfield>
    <subfield code="c">PEL</subfield>
  </datafield>
  <datafield tag="999" ind1=" " ind2=" ">
    <subfield code="c">117458</subfield>
    <subfield code="d">117458</subfield>
  </datafield>
  <datafield tag="952" ind1=" " ind2=" ">
    <subfield code="0">0</subfield>
    <subfield code="1">0</subfield>
    <subfield code="2">lcc</subfield>
    <subfield code="4">0</subfield>
    <subfield code="7">0</subfield>
    <subfield code="a">LIC-047</subfield>
    <subfield code="b">LIC-047</subfield>
    <subfield code="c">MA</subfield>
    <subfield code="d">2016-07-01</subfield>
    <subfield code="h">VBFP000088</subfield>
    <subfield code="o">PN1998.3.B875 / J68 2005</subfield>
    <subfield code="p">VBFP000088</subfield>
    <subfield code="r">2016-07-01 00:00:00</subfield>
    <subfield code="t">1</subfield>
    <subfield code="w">2016-07-01</subfield>
    <subfield code="y">PEL</subfield>
  </datafield>
  <datafield tag="952" ind1=" " ind2=" ">
    <subfield code="0">0</subfield>
    <subfield code="1">0</subfield>
    <subfield code="2">lcc</subfield>
    <subfield code="4">0</subfield>
    <subfield code="7">0</subfield>
    <subfield code="a">LIC-047</subfield>
    <subfield code="b">LIC-047</subfield>
    <subfield code="c">MA</subfield>
    <subfield code="d">2016-07-04</subfield>
    <subfield code="h">VBFP000091</subfield>
    <subfield code="l">2</subfield>
    <subfield code="o">PN1998.3.B875 J68 2005</subfield>
    <subfield code="p">VBFP000091</subfield>
    <subfield code="r">2017-10-31 00:00:00</subfield>
    <subfield code="s">2017-10-27</subfield>
    <subfield code="t">4</subfield>
    <subfield code="w">2016-07-04</subfield>
    <subfield code="y">PEL</subfield>
  </datafield>
</record>
